00960cam a2200289 i 4500001001400000003000400014005001700018008004100035020002600076040003400102082001700136100004800153245006800201264005200269264001100321300002700332336002100359337002500380338002300405500002000428504003300448650003800481650002700519650005100546650002900597650004400626vtls000225020PNM20210421121407.0961023t19951995my e a000 0 may  a9836244956qpaperback aBNMbengcBNMdPNMdPPAKerda04a899.23092221 aTeeuw, A.,q(Andries Teeuw)d1921-eauthor.10aSastera dan ILMU Sastera :bPengantar Teori Sastera /cA. TEEUW 1aKuala Lumpur :bDewan Bahasa dan Pustaka,c1995 4c©1995 axx, 376 pages ;c21 cm atext2rdacontent aunmediated2rdamedia avolume2rdacarrier aIncludes index. aBibliography: pages 349-365.10aLiteraturexHistory and criticism20aLiteraturexPhilosophy20aLiterature, ComparativexHistory and criticism20aSemiotics and literature20aMalay literaturexHistory and criticism